Ч. 1: Основы геологии; Геология

Bibliographic Details
Parent link:Геология: учебник: в 2 ч./ В. А. Ермолов, Л. Н. Ларичев, В. В. Мосейкин; Московский государственный горный университет; под ред. В. А. Ермолова. Ч. 1: Основы геологии.— , 2004-2005.— 5-7418-0349-0
Summary:Изложены современные сведения о строении и составе земной коры. Даны описания эндогенных и экзогенных геологических процессов, важнейших рудных и породообразующих минералов, горных пород. Показаны закономерности развития структурных элементов земной коры, освещены вопросы структурной геологии и графического моделирования участков земной коры. Приведенный материал способствует решению актуальных задач горного производства. Для студентов высших учебных заведений, обучающихся по направлению подготовки бакалавров и магистров «Горное дело» и направлению подготовки дипломированных специалистов «Горное дело».
Language:Russian
Published: 2004
Subjects:
Format: Book
KOHA link:https://koha.lib.tpu.ru/cgi-bin/koha/opac-detail.pl?biblionumber=71201

MARC

LEADER 00000nam2a2200000 4500
001 71201
005 20251229172541.0
010 |a 5741803423 
035 |a (RuTPU)RU\TPU\book\75804 
090 |a 71201 
100 |a 20041211d2004 m y0rusy50 ca 
101 0 |a rus 
102 |a RU 
105 |a a j 001zy 
200 1 |a Ч. 1: Основы геологии 
210 |d 2004 
215 |a 598 с.  |c ил. 
320 |a Библиогр.: с. 588. 
320 |a Предметный указатель: с. 589-594. 
330 |a Изложены современные сведения о строении и составе земной коры. Даны описания эндогенных и экзогенных геологических процессов, важнейших рудных и породообразующих минералов, горных пород. Показаны закономерности развития структурных элементов земной коры, освещены вопросы структурной геологии и графического моделирования участков земной коры. Приведенный материал способствует решению актуальных задач горного производства. Для студентов высших учебных заведений, обучающихся по направлению подготовки бакалавров и магистров «Горное дело» и направлению подготовки дипломированных специалистов «Горное дело». 
461 1 |0 (RuTPU)RU\TPU\book\87732  |y 5-7418-0349-0  |t Геология  |o учебник: в 2 ч.  |f В. А. Ермолов, Л. Н. Ларичев, В. В. Мосейкин  |g Московский государственный горный университет; под ред. В. А. Ермолова  |v Ч. 1: Основы геологии  |d 2004-2005  |s Высшее горное образование 
606 |a Геология  |9 34054 
610 1 |a Земля 
610 1 |a строение 
610 1 |a физические поля 
610 1 |a земная кора 
610 1 |a химический состав 
610 1 |a минеральный состав 
610 1 |a кристаллография 
610 1 |a минералы 
610 1 |a петрографический состав 
610 1 |a горные породы 
610 1 |a возраст 
610 1 |a петрография 
610 1 |a геологические процессы 
610 1 |a эндогенные процессы 
610 1 |a экзогенные процессы 
610 1 |a методы исследования 
610 1 |a графическое моделирование 
610 1 |a учебники 
675 |a 55  |v 3 
801 1 |a RU  |b 63413507  |c 20041211  |g PSBO 
801 2 |a RU  |b 63413507  |c 20211015  |g PSBO 
942 |c BK